| 000 | 00768nam a22002177a 4500 | ||
|---|---|---|---|
| 003 | OSt | ||
| 005 | 20230119173438.0 | ||
| 008 | 220921b |||||||| |||| 00| 0 eng d | ||
| 040 | _cBiblioteca Lado V | ||
| 082 |
_a779 _bM538h |
||
| 100 |
_aMendez Caratini, Hector _efotógrafo _9594 |
||
| 245 | _aHaciendas Cafetaleras de Puerto Rico/ | ||
| 260 |
_aColombia _bBanco Popular _c1990 |
||
| 300 |
_a32p. _c28x37cm |
||
| 650 |
_2Tesauro de Arte & Arquitectura _aGALERIA |
||
| 650 |
_2Tesauro de Arte & Arquitectura _aFOTOGRAFIA |
||
| 650 |
_2Tesauro de Arte & Arquitectura _aEXPOSICIONES |
||
| 650 |
_2Tesauro de Arte & Arquitectura _aARTE COLOMBIANO |
||
| 650 |
_2Tesauro de Arte & Arquitectura _aALEMANIA |
||
| 942 |
_2ddc _c1 _h779 _iM538h _n0 |
||
| 999 |
_c2855 _d2855 |
||